Su vida /

Guardat en:
Dades bibliogràfiques
Autor principal: Teresa de Jesús, Santa (autor)
Altres autors: León, Luis de, Fray (carta) (carta)
Format: Llibre
Idioma:espanyol
Publicat: Madrid, España : Espasa-Calpe, 1957, c1957
Edició:4a edición
Col·lecció:(Austral ; 372)
Matèries:
Etiquetes: Afegir etiqueta
Sense etiquetes, Sigues el primer a etiquetar aquest registre!

MARC

LEADER 00000nam^a2200000^a^4500
001 000432153
005 20250526000000.0
009 20260310123008.201
037 |a Acervo ITESO - Biblioteca 
041 |a ESP 
082 |a 808.  |b AUS V. 372 
100 |a Teresa de Jesús,  |c Santa  |e (autor) 
240 1 1 |a [Libro de las misericordias de Dios] 
240 1 1 |a [Libro de su vida] 
240 1 1 |a [Libro grande] 
240 1 1 |a [Su vida, Santa Teresa de Jesús] 
245 1 0 |a Su vida /  |c Santa Teresa de Jesús ; carta de Fray Luis de León. 
250 |a 4a edición 
264 4 |a Madrid, España :  |b Espasa-Calpe,  |c 1957, c1957 
300 |a 249 p. ;  |c 18.0 cm. 
336 |a texto  |b txt  |2 rdacontenido 
337 |a sin mediación  |b n  |2 rdamedio 
338 |a volumen  |b nc  |2 rdasoporte 
440 1 |a (Austral ;  |v 372) 
545 0 |a Santa Teresa, conjuntamente con San Juan de la Cruz, Fray Luis de León y Fray Luis de Granada, son los grandes representantes del misticismo y de la literatura mística española. La obra de Santa Teresa incluye escritos autobiográficos: Libro de su vida o Libro grande o Libro de las misericordias de Dios; Libro de las fundaciones; Libro de las relaciones o Cuentas de conciencia y Cartas; en ellos da cuenta de su vida y de la fundación y evolución de los conventos carmelitas de la época. En las obras de carácter ascético-místicas se incluyen: Camino de perfección; Las moradas o Castillo interior; Constituciones. Dejó además poemas sobre temas piadosos y religiosos. 
649 |a XX 
650 |a Escritores Españoles -  |x Memorias 
650 |a Religiosos Españoles -  |x Memorias 
650 |a Monjas Españolas -  |x Memorias 
650 |a Santos Españoles -  |x Memorias 
650 |a Mujeres Españolas -  |x Memorias 
650 |a Memorias Españolas 
650 |a Literatura Española -  |y Siglo XVI 
650 |a Literatura Religiosa -  |z España 
650 |a Carmelitas en España -  |x Historia -  |y Siglo XVI 
650 |a Monasticismo y Ordenes Religiosas -  |z España 
650 |a Misticismo 
650 |a Misticismo en la Literatura 
650 |a Cristianismo 
650 |a Religión 
600 |a Teresa de Jesús,  |c Santa 
700 |a León, Luis de,  |c Fray  |e (carta) 
910 |a Fondo Alfonso de Alba Martín 
920 |a Impresos - Libros 
930 |a Libros Antiguos y Raros 
940 |a Literatura 
905 |a 125 
901 |a 0500349652  |b IT2  |c LRA  |i D100456  |u 20250526 
902 |a https://opac.biblio.iteso.mx/vufind/Record/000432153